Business information systems : (Record no. 16696)
[ view plain ]
| 000 -LEADER | |
|---|---|
| fixed length control field | 02475cam a2200349 a 4500 |
| 001 - CONTROL NUMBER | |
| control field | 15223855 |
| 005 - DATE AND TIME OF LATEST TRANSACTION | |
| control field | 20091021170447.0 |
| 008 - FIXED-LENGTH DATA ELEMENTS--GENERAL INFORMATION | |
| fixed length control field | 080318s2008 enka b 001 0 eng |
| 020 ## - INTERNATIONAL STANDARD BOOK NUMBER | |
| International Standard Book Number | 027371662X (alk. paper) |
| 020 ## - INTERNATIONAL STANDARD BOOK NUMBER | |
| International Standard Book Number | 9780273716624 (alk. paper) |
| 040 ## - CATALOGING SOURCE | |
| Original cataloging agency | DLC |
| Transcribing agency | DLC |
| Modifying agency | BTCTA |
| -- | BWKUK |
| -- | BWK |
| -- | YDXCP |
| -- | VP@ |
| -- | DLC |
| 082 00 - DEWEY DECIMAL CLASSIFICATION NUMBER | |
| Classification number | 658.4038011 |
| Edition number | 22 |
| Item number | BOC |
| 100 1# - MAIN ENTRY--PERSONAL NAME | |
| Personal name | Bocij, Paul. |
| 9 (RLIN) | 29748 |
| 245 10 - TITLE STATEMENT | |
| Title | Business Information Systems : |
| Remainder of title | Technology, Development and Management / |
| Statement of responsibility, etc | Paul Bocij, Andrew Greasley, Simon Hickie. |
| 250 ## - EDITION STATEMENT | |
| Edition statement | 4th ed. |
| 260 ## - PUBLICATION, DISTRIBUTION, ETC. (IMPRINT) | |
| Place of publication, distribution, etc | Harlow, England ; |
| -- | New York : |
| Name of publisher, distributor, etc | FT Prentice Hall, |
| Date of publication, distribution, etc | 2008. |
| 300 ## - PHYSICAL DESCRIPTION | |
| Extent | xxvi, 710 p. : |
| Other physical details | ill. ; |
| Dimensions | 27 cm. |
| 504 ## - BIBLIOGRAPHY, ETC. NOTE | |
| Bibliography, etc | Includes bibliographical references and index. |
| 505 0# - FORMATTED CONTENTS NOTE | |
| Formatted contents note | Basic concepts - understanding information -- Basic concepts - an introduction to business information systems -- Hardware -- Software -- Networks, telecommunications and the Internet -- Enterprise and functional BIS -- An introduction to acquiring and developing BIS -- Initiating systems development -- BIS project management -- Systems analysis -- Systems design -- System build, implementation and maintenance : change management -- Information systems strategy -- Information systems management -- Managing information security -- End-user computing - providing end-user services -- Ethical, legal and moral constraints on information systems. |
| 650 #0 - SUBJECT ADDED ENTRY--TOPICAL TERM | |
| Topical term or geographic name as entry element | Business |
| General subdivision | Computer network resources. |
| 9 (RLIN) | 29749 |
| 650 #0 - SUBJECT ADDED ENTRY--TOPICAL TERM | |
| Topical term or geographic name as entry element | Business information services. |
| 9 (RLIN) | 29750 |
| 650 #0 - SUBJECT ADDED ENTRY--TOPICAL TERM | |
| Topical term or geographic name as entry element | Electronic commerce. |
| 9 (RLIN) | 29751 |
| 653 ## - INDEX TERM--UNCONTROLLED | |
| Resource For college | |
| Arrived date list | April2012 |
| 700 1# - ADDED ENTRY--PERSONAL NAME | |
| Personal name | Greasley, Andrew. |
| 9 (RLIN) | 29752 |
| 700 1# - ADDED ENTRY--PERSONAL NAME | |
| Personal name | Hickie, Simon. |
| 9 (RLIN) | 29753 |
| 942 ## - ADDED ENTRY ELEMENTS (KOHA) | |
| Source of classification or shelving scheme | Dewey Decimal Classification |
| Item type | Book - Borrowing |
| Withdrawn status | Item status | Source of classification or shelving scheme | Damaged status | Not for loan | Vendor | Home library | Current library | Shelving location | Date acquired | Source of acquisition | Total Checkouts | Full call number | Barcode | Date last seen | Date last borrowed | Koha item type | Total Renewals |
|---|---|---|---|---|---|---|---|---|---|---|---|---|---|---|---|---|---|
| Dewey Decimal Classification | Baccah | Central Library | Central Library | First floor | 30/04/2012 | 2 | 658.4038011 BOC | 000026725 | 15/07/2025 | 18/05/2013 | NB - Book (Non borrowing) | ||||||
| Dewey Decimal Classification | Baccah | Central Library | Central Library | First floor | 30/04/2012 | 4 | 658.4038011 BOC | 000026726 | 15/07/2025 | 26/10/2015 | Book - Borrowing | 1 | |||||
| Dewey Decimal Classification | Baccah | Central Library | Central Library | First floor | 30/04/2012 | 5 | 658.4038011 BOC | 000026727 | 15/07/2025 | 28/03/2015 | Book - Borrowing | 7 | |||||
| Dewey Decimal Classification | Baccah | Central Library | Central Library | First floor | 30/04/2012 | 4 | 658.4038011 BOC | 000026728 | 15/07/2025 | 07/12/2016 | Book - Borrowing | 40 | |||||
| Dewey Decimal Classification | Central Library | Central Library | First floor | 25/02/2018 | 658.4038011 BOC | 000047283 | 15/07/2025 | Book - Borrowing |